• 首页
  • 本馆介绍
  • 公告通知
  • 最新文献
  • 馆藏检索
  • 电子资源
  • 读者导购
  • 参考咨询
  • 我的图书馆
  • 登录
  • 详细信息显示
  • 放入我的书架
  • 预约/预借图书
  • 作者相关作品
  • 分类相关作品
  • 丛书相关作品
  • 出版社相关作品

书目信息

  • 表格格式
  • 工作单格式
  • 卡片格式
题名:
医学细胞生物学导论
    
 
作者: 余从年 , 胡继鹰 主编
分册:  
出版信息: 北京   科学出版社  2000
页数: 214页
开本: 26cm
丛书名:
单 册:
中图分类: Q2
科图分类:
主题词: 细胞学
电子资源:
ISBN: 7-03-008300-8
000 00603nam0 2200205 450
001 0747662040
005 20070727170216.39
010    @a7-03-008300-8@dCNY20.00
100    @a20070726d2000 km y0chiy0120 ea
101 0  @achi
102    @aCN@b110000
200 1  @a医学细胞生物学导论@Ayi xue xi bao sheng wu xue dao lun@f余从年,胡继鹰主编@Fyu cong nian,hu ji ying zhu bian
210    @a北京@c科学出版社@d2000
215    @a214页@d26cm
606 0  @a细胞学
690    @aQ2@v3
701  0 @a余从年@Ayu cong nian@4主编
701  0 @a胡继鹰@Ahu ji ying@4主编
801  0 @aCN@bPFT@c20070727
905    @a10447@dQ2@e32
    
    医学细胞生物学导论/余从年,胡继鹰主编.-北京:科学出版社,2000
    214页;26cm
    
    
    ISBN 7-03-008300-8:CNY20.00
    
●
相关链接 在E读中查询图书 在五车中查询图书 在当当中查询图书 在豆瓣中查询图书


正题名:医学细胞生物学导论     索取号:Q2/32         预约/预借

序号 登录号 条形码 馆藏地/架位号 状态 备注
1 0788863   207888632   第二样本阅览室/ [索取号:Q2/32] 在馆    
2 0788864   207888641   第三借阅区/ [索取号:Q2/32] 在馆    
唐山师范学院图书馆 欢迎您!
大连网信软件有限公司© 版权所有